Fundamentals of Risk Management / Understanding, evaluating and implementing effective risk management (Record no. 6060)
[ view plain ]
| 000 -LEADER | |
|---|---|
| fixed length control field | 01303cam a22002054a 4500 |
| 005 - ΗΜΕΡΟΜΗΝΙΑ ΚΑΙ ΩΡΑ ΤΕΛΕΥΤΑΙΑΣ ΕΝΗΜΕΡΩΣΗΣ | |
| Πεδίο ελέγχου | 20250605164231.0 |
| 008 - FIXED-LENGTH DATA ELEMENTS--GENERAL INFORMATION | |
| Πεδίο ελέγχου σταθερού μήκους | 250528s ||||||||||||||||||||||||d |
| 035 ## - SYSTEM CONTROL NUMBER | |
| System control number | 20983 |
| 020 ## - ISBN | |
| ISBN | 9780749465391 |
| 040 ## - ΠΗΓΗ ΚΑΤΑΛΟΓΟΓΡΑΦΗΣΗΣ | |
| Φορέας πρωτότυπης καταλογογράφησης | MC Athens Campus Library |
| Γλώσσα καταλογογράφησης | Ελληνικά, Μοντέρνα (1453-) |
| Modifying agency | MC Athens Campus Library |
| Κανόνες περιγραφικής καταλογογράφησης | AACR2 |
| 245 1# - ΤΙΤΛΟΣ ΚΑΙ ΔΗΛΩΣΗ ΥΠΕΥΘΥΝΟΤΗΤΑΣ | |
| Τίτλος | Fundamentals of Risk Management / Understanding, evaluating and implementing effective risk management |
| 250 ## - EDITION STATEMENT | |
| Edition statement | 2nd |
| 260 ## - PUBLICATION, DISTRIBUTION, ETC. | |
| Name of publisher, distributor, etc. | Kogan Page, |
| Date of publication, distribution, etc. | 2012 |
| 300 ## - PHYSICAL DESCRIPTION | |
| Extent | 420 |
| 520 ## - SUMMARY, ETC. | |
| Summary, etc. | This book provides a comprehensive introduction to the subject of commercial and business risk for anyone studying for a career in risk as well as a broad range of risk professionals. Introduction to Risk Management, Impact of Risk on Organizations, Development of Risk Management, Risk Management Standards, Risk Strategy, Risk Management Documentation, Risk-aware Culture, Risk Practitioner Competencies, Risk Assessment, Risk Classification Systems, Loss Control, Business Continuity Planning, Risk Response, Importance of Risk appetite, Risk Control Techniques, Insurance and Risk Transfer, Risk and Organizations, Stakeholder Expectations, Project Risk Management, Risk Assurance and Reporting, Reporting on Risk Management, Future of Risk Management. |
| 700 1# - ΠΡΟΣΘΕΤΗ ΑΝΑΓΡΑΦΗ--ΦΥΣΙΚΟ ΠΡΟΣΩΠΟ | |
| Personal name | Hopkin Paul |
| 9 (RLIN) | 6989 |
| 942 ## - ADDED ENTRY ELEMENTS (KOHA) | |
| Koha item type | Books |
| Τύπος τεκμηρίου | Βιβλιοθήκη | Τρέχουσα τοποθεσία | Barcode | Αριθμός εισαγωγής | Ημερομηνία απόκτησης | Ταξιθετικό σύμβολο | Αριθμός αντιτύπου | Κατάσταση απόσυρσης | Κατάσταση χαμένου | Κατάσταση κατεστραμμένου | Μη δανεισμός | Σύνολο δανεισμών | Ημερομηνία τελευταίας εμφάνισης | Η τιμή ισχύει από |
|---|---|---|---|---|---|---|---|---|---|---|---|---|---|---|
| Books | MC Athens Campus Library | MC Athens Campus Library | 9780000060594 | 6744 | 05/06/2025 | 658.15/5 HOP | 1 | 05/06/2025 | 05/06/2025 |